| 000 -LEADER |
| fixed length control field |
01457cam a2200361 a 4500 |
| 001 - CONTROL NUMBER |
| control field |
21599 |
| 003 - CONTROL NUMBER IDENTIFIER |
| control field |
BD-DhUAP |
| 005 - DATE AND TIME OF LATEST TRANSACTION |
| control field |
20220616120017.0 |
| 008 - FIXED-LENGTH DATA ELEMENTS--GENERAL INFORMATION |
| fixed length control field |
030508s2003 enkb b 001 0 eng |
| 010 ## - LIBRARY OF CONGRESS CONTROL NUMBER |
| LC control number |
2003269463 |
| 020 ## - INTERNATIONAL STANDARD BOOK NUMBER |
| International Standard Book Number |
978140449112 |
| 040 ## - CATALOGING SOURCE |
| Original cataloging agency |
BD-DhUAP |
| Transcribing agency |
BD-DhUAP |
| Modifying agency |
BD-DhUAP |
| Language of cataloging |
eng |
| 041 1# - LANGUAGE CODE |
| Language code of text/sound track or separate title |
Eng |
| Language code of original |
grc |
| 050 00 - LIBRARY OF CONGRESS CALL NUMBER |
| Classification number |
PA4025.A5 |
| Item number |
R5 2003 |
| 082 00 - DEWEY DECIMAL CLASSIFICATION NUMBER |
| Classification number |
883.01 |
| Edition number |
20 |
| 100 0# - MAIN ENTRY--PERSONAL NAME |
| Personal name |
Homer. |
| 240 10 - UNIFORM TITLE |
| Uniform title |
Odyssey. |
| Language of a work |
English |
| 245 14 - TITLE STATEMENT |
| Title |
The odyssey / |
| Statement of responsibility, etc. |
Homer ; translated by E.V. Rieu ; revised translation by D.C.H. Rieu ; introduction by Peter Jones. |
| 260 ## - PUBLICATION, DISTRIBUTION, ETC. |
| Place of publication, distribution, etc. |
London ; |
| -- |
New York : |
| Name of publisher, distributor, etc. |
Penguin Books, |
| Date of publication, distribution, etc. |
c2003. |
| 300 ## - PHYSICAL DESCRIPTION |
| Extent |
lii, 348 p. : |
| Other physical details |
map ; |
| Dimensions |
20 cm. |
| 440 #0 - SERIES STATEMENT/ADDED ENTRY--TITLE |
| Title |
Penguin classics |
| 504 ## - BIBLIOGRAPHY, ETC. NOTE |
| Bibliography, etc. note |
Includes bibliographical references (p. [lix]-lxi) and index. |
| 600 00 - SUBJECT ADDED ENTRY--PERSONAL NAME |
| Personal name |
Odysseus, |
| Titles and other words associated with a name |
King of Ithaca (Mythological character) |
| 650 #0 - SUBJECT ADDED ENTRY--TOPICAL TERM |
| Topical term or geographic name entry element |
Epic poetry, Greek |
| General subdivision |
Translations into English. |
| 700 1# - ADDED ENTRY--PERSONAL NAME |
| Personal name |
Rieu, E. V. |
| Fuller form of name |
(Emile Victor), |
| Dates associated with a name |
1946-2003. |
| 700 1# - ADDED ENTRY--PERSONAL NAME |
| Personal name |
Rieu, D. C. H. |
| Fuller form of name |
(D. Christopher H.) |
| 856 42 - ELECTRONIC LOCATION AND ACCESS |
| Materials specified |
Contributor biographical information |
| Uniform Resource Identifier |
<a href="http://www.loc.gov/catdir/enhancements/fy1204/2003269463-b.html">http://www.loc.gov/catdir/enhancements/fy1204/2003269463-b.html</a> |
| 856 42 - ELECTRONIC LOCATION AND ACCESS |
| Materials specified |
Publisher description |
| Uniform Resource Identifier |
<a href="http://www.loc.gov/catdir/enhancements/fy1204/2003269463-d.html">http://www.loc.gov/catdir/enhancements/fy1204/2003269463-d.html</a> |
| 856 41 - ELECTRONIC LOCATION AND ACCESS |
| Materials specified |
Sample text |
| Uniform Resource Identifier |
<a href="http://www.loc.gov/catdir/enhancements/fy1204/2003269463-s.html">http://www.loc.gov/catdir/enhancements/fy1204/2003269463-s.html</a> |
| 906 ## - LOCAL DATA ELEMENT F, LDF (RLIN) |
| a |
7 |
| b |
cbc |
| c |
orignew |
| d |
3 |
| e |
ncip |
| f |
19 |
| g |
y-gencatlg |
| 942 ## - ADDED ENTRY ELEMENTS (KOHA) |
| Source of classification or shelving scheme |
|
| Koha item type |
Book |